[Event "2BLO 2223 SC Bavaria Regensburg 1881 - M"]
[Site "?"]
[Date "2023.03.19"]
[Round "10.7"]
[White "Zeller, Frank"]
[Black "Oberhofer, Cedric"]
[Result "0-1"]
[WhiteElo "2366"]
[BlackElo "2235"]
[PlyCount "61"]
[EventDate "2023.??.??"]

1. Nf3 Nf6 2. c4 g6 3. Nc3 Bg7 4. e4 e5 5. Nxe5 O-O 6. Nf3 Re8 7. d3 d5 8. cxd5 Nxd5 9. Bd2 Bg4 10. Be2 Nb4 11. Be3 Bxf3 12. gxf3 N8c6 13. a3 Na6 14. Rc1 Nd4 15. b4 c6 16. h4 Nc7 17. h5 a5 18. hxg6 hxg6 19. b5 cxb5 20. f4 b4 21. Nb1 Ncb5 22. f5 gxf5 23. Rg1 Qh4 24. Rc5 Qh2 25. Kd2 Rac8 26. axb4 axb4 27. Rh1 Qb8 28. Rc4 Rcd8 29. Kc1 Nd6 30. Rg1 Ne6 31. exf5 0-1

[Event "2BLO 2223 SC Bavaria Regensburg 1881 - M"]
[Site "?"]
[Date "2023.03.19"]
[Round "10.8"]
[White "Kleibel, Uwe"]
[Black "Raykhman, Alexander"]
[Result "1/2-1/2"]
[WhiteElo "2263"]
[BlackElo "2370"]
[PlyCount "42"]
[EventDate "2023.??.??"]

1. d4 Nf6 2. Nf3 g6 3. Bg5 Bg7 4. Nbd2 c5 5. Bxf6 Bxf6 6. Ne4 Bxd4 7. Nxd4 cxd4 8. Qxd4 O-O 9. c4 Nc6 10. Qd2 d6 11. e3 Be6 12. Nc3 Qa5 13. Be2 Rac8 14. Rc1 Rfd8 15. e4 a6 16. b3 Qe5 17. O-O Qd4 18. Qh6 Qg7 19. Qd2 Qd4 20. Qh6 Qg7 21. Qd2 Qd4 1/2-1/2